000 00775nam a22002537a 4500
003 UA-OsUOA
001 107477
007 ta
008 20140821b un ||||| |||| 00| 0 ukr d
100 _aMalikova O. V.
090 _a811.111'36
942 _cBK
040 _aUA-OsUOA
_beng
_cUA-OsUOA
_dUA-OsUOA
245 _aModern English Theoretical Grammar: university course
_btextbook for Tnglish languade students and researchers
300 _a704 p.
955 _a2
041 _aeng
080 _a811.111'36
020 _a978-966-439-304-8
260 _aК.
_bPH KU
_c2010
650 7 _a8 Мовознавство. Художня література. Літературознавство
_2UDC
999 _c393677
_d393677